Catálogo

LAS ETAPAS DE LA LOGICA (Registro nro. 35260)

Detalles MARC
000 -LEADER
fixed length control field 00500nam a2200193 a 4500
001 - CONTROL NUMBER
control field 35260
005 - DATE AND TIME OF LATEST TRANSACTION
control field 20180714003551.0
008 - FIXED-LENGTH DATA ELEMENTS--GENERAL INFORMATION
fixed length control field 140415s1961 ag 000 0 spa d
041 ## - LANGUAGE CODE
Language code of text/sound track or separate title spa
082 ## - DEWEY DECIMAL CLASSIFICATION NUMBER
Classification number 160
Item number BOL
100 1# - MAIN ENTRY--PERSONAL NAME
Personal name BOLL, MARCEL
245 14 - TITLE STATEMENT
Title LAS ETAPAS DE LA LOGICA
250 ## - EDITION STATEMENT
Edition statement 1a ed.
260 ## - PUBLICATION, DISTRIBUTION, ETC.
Place of publication, distribution, etc. ARGENTINA :
Name of publisher, distributor, etc. COMPAÑIA GENERAL FABRIL EDITORA,
Date of publication, distribution, etc. 1961
300 ## - PHYSICAL DESCRIPTION
Extent 147
650 14 - SUBJECT ADDED ENTRY--TOPICAL TERM
Topical term or geographic name entry element LOGICA
700 1# - ADDED ENTRY--PERSONAL NAME
Personal name SITO, NILDA
Relator term tr.
700 1# - ADDED ENTRY--PERSONAL NAME
Personal name REINHART, JACQUES
Relator term coaut.
Existencias
Withdrawn status Lost status Source of classification or shelving scheme Damaged status Not for loan Collection code Home library Current library Shelving location Date acquired Source of acquisition Inventory number Total Checkouts Full call number Barcode Date last seen Price effective from Koha item type
    Dewey Decimal Classification     General Biblioteca Karol Wojtyla Biblioteca Karol Wojtyla Sala general 03/12/2013 Compra 151000000000000000063438   160 BOL 53287 05/01/2026 03/12/2013 Libro